[Event "POL-chT 66th"]
[Site "Katowice"]
[Date "2010.09.04"]
[Round "1"]
[White "Moranda, Wojciech"]
[Black "Gajewski, Grzegorz"]
[Result "1/2-1/2"]
[WhiteElo "2572"]
[BlackElo "2568"]
[Annotator "RR"]
[PlyCount "61"]
[EventDate "2010.09.04"]
[EventType "team-tourn"]
[EventRounds "9"]
[EventCountry "POL"]
[SourceTitle "EXT 2016"]
[Source "ChessBase"]
[SourceDate "2015.10.08"]
[SourceVersion "1"]
[SourceVersionDate "2015.10.08"]
[SourceQuality "1"]
[WhiteTeam "Dankowice"]
[BlackTeam "Lublin"]
[WhiteTeamCountry "POL"]
[BlackTeamCountry "POL"]

1. d4 Nf6 2. c4 e6 3. Nf3 d5 4. Nc3 dxc4 5. e4 Bb4 6. Bg5 h6 7. Bxf6 Qxf6 8.
Bxc4 c5 9. O-O (9. e5 Qd8 10. O-O O-O 11. Ne4 cxd4 12. Qe2 Qb6 13. Bd3 Rd8 14.
Ng3 Bd7 15. Qe4 g6 16. Qg4 Be8 17. h4 Nd7 18. h5 Nf8 19. Nh4 Kh7 20. f4 Be7 21.
f5 exf5 22. Ngxf5 Bg5 23. hxg6+ Nxg6 24. Nxh6 Bxh6 25. Rf6 Be3+ 26. Kh1 Qc7 27.
Raf1 Qxe5 28. Rxf7+ Bxf7 29. Rxf7+ Kh8 30. Nxg6+ {1-0 (30) Mamedyarov,S (2743)
-Vallejo Pons,F (2698) Dubai 2014}) 9... cxd4 10. Nb5 Qe7 11. Qxd4 O-O 12. Nxa7
Bc5 13. Nxc8 Rxc8 14. Qd3 Nc6 15. Rad1 Rd8 16. Qe2 Nd4 (16... Rxd1 17. Rxd1 Rd8
18. Rxd8+ Qxd8 19. Qd2 Qf6 20. Bb5 Nd4 21. Nxd4 Bxd4 22. b3 h5 23. g3 h4 24.
Bf1 g6 25. Kg2 Qe5 26. Bd3 Qh5 27. Qe2 h3+ 28. Kg1 Qa5 29. a4 Qc3 30. Qd1 Qb2
31. Qc2 Qa1+ 32. Qb1 Qc3 33. Qd1 b6 34. Kf1 Bc5 35. Kg1 Kf8 36. Bf1 Qb2 37. Qf3
Qc1 38. Qd3 Ke7 39. Qf3 Qe1 40. Qe2 Qb1 41. Qd3 Qc1 42. Qf3 Qa1 43. Qe2 Qc3 44.
Qd3 Qb2 45. Qf3 Qc1 {1/2-1/2 (45) Beinoras,M (2389)-Meier,G (2623) Warsaw 2013}
) 17. Nxd4 Rxd4 18. Rxd4 Bxd4 19. g3 Qb4 20. Kg2 (20. b3) 20... Rd8 21. Rd1 Bb6
22. a3 Qc5 $11 23. b4 Qc7 24. Rxd8+ Qxd8 25. a4 Qd6 26. a5 Bc7 27. Qb2 Bd8 28.
Be2 Bf6 29. Qb3 Qd2 30. Qc4 Bc3 31. Qd3 1/2-1/2

[Event "Cappelle op 28th"]
[Site "Cappelle la Grande"]
[Date "2012.03.08"]
[Round "6"]
[White "Ramirez Alvarez, Alejandro"]
[Black "Horvath, Adam"]
[Result "1-0"]
[WhiteElo "2591"]
[BlackElo "2488"]
[Annotator "Ramirez Alvarez,A"]
[PlyCount "49"]
[EventDate "2012.03.03"]
[EventType "swiss"]
[EventRounds "9"]
[EventCountry "FRA"]
[SourceTitle "CBM 147 Extra"]
[Source "ChessBase"]
[SourceDate "2012.04.24"]
[SourceVersion "1"]
[SourceVersionDate "2012.04.24"]
[SourceQuality "1"]

{I was in a very experimental mood in Cappelle. Although I don't normally play
this variation, I didn't want to reveal what I had prepped in my main openings
because of the upcoming US Championship. This allowed me to play a lot of fun
chess - and I even tried 1. e4! this event.} 1. d4 Nf6 2. c4 e6 3. Nf3 d5 4.
Nc3 dxc4 5. e4 Bb4 6. Bg5 c5 7. Bxc4 cxd4 8. Nxd4 Qa5 9. Bb5+ Bd7 10. Bxf6
Bxc3+ 11. bxc3 gxf6 12. Bxd7+ Nxd7 13. O-O {Althuogh this has been played many
times, we were both quite unfamiliar with the variation. At this point both my
opponent and I had spent a considerable amount of time. However I felt very
refreshed analyzing this position over the board. I felt that I had a lot of
pluses and although I knew many top GMs played this position as Black, I liked
my chances.} a6 14. Rb1 Qc7 15. Qh5 {Preventing castling.} (15. Qd2 {is an
interesting possibility that didn't even cross my mind.}) 15... Qe5 $6 {
It was imperative to activate the knight.} (15... Nc5 {has been seen at the
top level many times, but would you risk playing this position with black?})
16. Qh4 O-O-O 17. Rb4 $1 {I was very proud of this move. The rooks will be
doubled on the b-file, but more importantly the rook is swinging to c4, where
it will attack the bastion of Black's defense: the N on c5.} Qg5 18. Qh3 Qd2
19. Rfb1 Nc5 20. Rc4 b6 {An unfortunate necessity.} 21. Qh5 Rd7 {Here I had a
great psychological dilemma. Of course, it is very tempting to play 22. Rxc5+
Rc7 23. Qb6 or 23. Qd6. However, I remembered something that happened recently.
I was teaching a chess camp with IM Greg Shahade in Arizona to a group of
extremely talented girls from the US, and I remembered that Greg insisted to
all of them that if you had a strong attack, it was always better to take the
route that had equal material instead of trying to sacrifice without seeing a
clear win. Since I didn't find such a win, I started looking for alternatives..
.} 22. Rcb4 $1 {And found this. Actually this is the only winning move in the
position, Black is defenseless against the threat on b6. The move is illogical
at first as it unpins the knight and doesn't keep the threat on it, but it
turns out that Black is helpless.} (22. Rxc5+ $2 bxc5 23. Qxc5+ Rc7 24. Qb6 (
24. Qd6 Rd8 {is a similar situation.}) 24... Rd8 $1 (24... Qxc3 25. h4 Rd8 26.
Nxe6 $1 $18) 25. Qxa6+ Kd7 $13 {And Black survives.}) 22... Rb7 (22... Qxc3 23.
Rxb6 Qxd4 24. Rb8+ Kc7 25. Rxh8 $18 {and there are no back rank tricks, so
white is simply winning.}) (22... Qg5 23. Qd1 b5 24. a4 $18) (22... Nd3 23.
Rxb6 Qxf2+ 24. Kh1 {And Black has no real threats, while his position is
collapsing.}) 23. Rxb6 Qxc3 24. Rxb7 Nxb7 25. Qxf7 {Make sure to look in the
future CBM many top games from this event. I must say that I saw some amazing
tactics played in this event, and the organizers are very dilligent about
inputing all the games! Definitely a treat.} 1-0

[Event "Solin 7th"]
[Site "Solin"]
[Date "1999.12.16"]
[Round "5"]
[White "Tkachiev, Vladislav"]
[Black "Tukmakov, Vladimir B"]
[Result "1/2-1/2"]
[WhiteElo "2648"]
[BlackElo "2557"]
[Annotator "Ribli,Z"]
[PlyCount "57"]
[EventDate "1999.12.10"]
[EventType "tourn"]
[EventRounds "9"]
[EventCountry "CRO"]
[EventCategory "13"]
[SourceTitle "CBM 075"]
[Source "ChessBase"]
[SourceDate "2000.04.05"]
[SourceVersion "1"]
[SourceVersionDate "2000.04.05"]
[SourceQuality "1"]

1. d4 Nf6 2. c4 e6 3. Nf3 d5 4. Nc3 dxc4 {Großmeister Tukmakov spielt gerne
die Wiener Variante des Damengambits. Diese Fortsetzung führt gewöhnlich zu
scharfem taktischem Spiel, mit beiderseitigen Chancen.} 5. e4 (5. e3 {Diese
bescheidenere Fortsetzung führt ins Angenommene Damengambit.}) 5... Bb4 6. Bg5
c5 7. e5 {Heutzutage eine selten gespielte Fortsetzung. Die Hauptvariante wäre
7.Bxc4.} cxd4 (7... h6) 8. Nxd4 {Ich erinnere mich, daß ich diesen Zug 1987
als theoretische Neuerung gegen Chernin im Interzonenturnier in Subotica
spielte und am Ende die Partie gewann.} (8. Qa4+ {Zwölf Jahre früher war das
die theoretische Hauptvariante, und Kasparov spielte so gegen mich in einer
wichtigen Partie (Kasparov,G - Ribli,Z Barcelona 1989).} Nc6 $13) 8... Qa5 9.
exf6 Bxc3+ (9... Qxg5 $4 10. Qa4+ Nc6 11. Nxc6 Bxc3+ 12. bxc3 Bd7 13. Qb4 Qxf6
14. Nd4 {Piket,Je-Karolyi,T/Lvov/1988/1:0/}) 10. bxc3 Qxg5 11. fxg7 (11. Qa4+
Nd7 12. fxg7 Qxg7 13. Qb4 a5 14. Qd6 Qe5+ 15. Qxe5 Nxe5 $10 {Lputian,S-Gurevic,
M/Lvov/1987/0,5/}) 11... Qxg7 (11... Rg8 12. h4 $36) 12. Qd2 (12. Qf3 Nd7 13.
Bxc4 O-O 14. O-O Nc5 15. Rad1 b6 $1 16. Qxa8 Bb7 17. Qxf8+ Kxf8 $15) 12... O-O
(12... Nc6 13. Nxc6 bxc6 14. Bxc4 Qe5+ 15. Kf1 Bb7 16. Rd1 O-O 17. h4 Rad8 $1
18. Qxd8 Rxd8 19. Rxd8+ Kg7 20. Rh3 c5 {1/2-1/2 Portisch,L-Huebner,R/
Skelleftea 1989/CBM 14/(28)}) 13. Bxc4 Bd7 (13... Rd8 14. Qe3 Bd7 15. O-O Nc6
16. Nf3 Ne7 (16... Be8 17. Bd3 h6 $10) 17. Ne5 Ng6 18. f4 Rac8 19. Be2 Nxe5 20.
fxe5 Bc6 21. Bf3 Bd5 22. Rab1 b6 23. Rb4 $1 Bxf3 24. Rxf3 Rd1+ 25. Kf2 Rcd8 {
0-1 Dreev,A-Kharlov,A/Novosibirsk 1995/CBM 50/[Belov] (44)}) (13... Nd7 14. O-O
Ne5 15. Bb3 Ng6 16. f4 Bd7 17. Rad1 Rac8 18. Nf5 exf5 19. Qxd7 Nh4 20. g3 Rxc3
{1/2-1/2 Volzhin,A-Richter,M/Senden 1999/EXT 2000 (42)}) 14. O-O Nc6 {Die
schwarze Königsstellung ist ein wenig schwach und anfällig, aber Weiß hat ein
strukturelles Problem - sein Pc3 ist eine potentielle Schwäche.} (14... Rc8 15.
Bb3 Rc5 16. f4 Nc6 17. Rad1 Rc8 18. Rf3 Ne7 19. Rg3 Ng6 20. Nf3 Be8 21. Ne5 a5
22. h4 Qh6 23. Qf2 Kf8 24. Rg5 Rxc3 25. Nxg6+ hxg6 26. Rxa5 {1-0 Dreev,
A-Morozevich,A/Moscow 1996/CBM 52 ext (38)}) 15. f4 (15. Rab1 Rad8 $5 $11 16.
Rxb7 e5 $17 {[%cal Gd8d2]} (16... Na5 17. Rc7 Nxc4 18. Rxc4 e5 $17 (18... Bb5
$2 19. Rc5 Bxf1 20. Rg5 $18))) 15... Nxd4 16. cxd4 (16. Qxd4 {Es macht keinen
Sinn für Weiß, die Damen zu tauschen - auf diese Weise verringern sich seine
Chancen am Königsflügel.} Qxd4+ 17. cxd4 Bc6 $11) 16... Rac8 $11 {Schwarz hat
eine etwas geschwächte Königsstellung, ansonsten ist seine Stellung gesund.
Der weiße Pd4 ist auch schwach.} 17. Bb3 (17. Rf3 Kh8) 17... Rfd8 18. Rf3 Kh8
19. Rg3 Qf6 20. Re1 (20. Qe3 Bc6 21. Rd1 Bd5 22. Qe5 Qxe5 23. dxe5 $11) 20...
Bc6 21. Re5 {Weiß übt leichten positionellen Druck am Königsflügel aus - seine
Figuren stehen aktiv.} Rg8 {[%mdl 256] Auf diese Weise kann Schwarz einen Turm
tauschen und den Angriff abschwächen.} 22. Qe3 Rxg3 23. hxg3 (23. Qxg3 $2 Rg8
$19) 23... Rg8 24. Rh5 {[%csl Rh7][%cal Rb3c2,Rc2h7]} Rd8 25. Re5 (25. Bc2 $2
Qxd4 26. Qxd4+ Rxd4 27. Rxh7+ Kg8 $17) 25... Rg8 26. Kf2 (26. Rh5 $11) 26... a6
27. Rh5 {Weiß bleibt nichts besseres als Remis durch Zugwiederholung.} Rd8 28.
Re5 Rg8 29. Rh5 {In ausgeglichener Stellung einigte man sich auf Remis.}
1/2-1/2

[Event "Moscow Aeroflot op-A"]
[Site "Moscow"]
[Date "2005.02.20"]
[Round "6"]
[White "Smirnov, Pavel"]
[Black "Popov, Valerij"]
[Result "1-0"]
[WhiteElo "2645"]
[BlackElo "2588"]
[Annotator "Ribli,Z"]
[PlyCount "51"]
[EventDate "2005.02.15"]
[EventType "swiss"]
[EventRounds "9"]
[EventCountry "RUS"]
[SourceTitle "CBM 106"]
[Source "ChessBase"]
[SourceDate "2005.06.06"]
[SourceVersion "1"]
[SourceVersionDate "2005.06.06"]
[SourceQuality "1"]

1. d4 Nf6 2. c4 e6 3. Nf3 d5 4. Nc3 dxc4 5. e4 Bb4 6. Bg5 c5 7. Bxc4 cxd4 8.
Nxd4 Bxc3+ 9. bxc3 Qa5 10. Bb5+ Bd7 11. Bxf6 gxf6 12. Bxd7+ Nxd7 13. O-O a6 (
13... Qxc3 14. Rb1 $44) 14. Rb1 Qc7 15. Qd2 $5 {Der letzte theoretische Zug
dieser Variante. Weiß spielte diese Fortsetzung in der Partie Akopian,V -
Izoria,Z - in der dritte Runde (drei Tage früher, als diese Partie) des
Turniers.} (15. f4 h5 16. Qf3 Rc8 17. e5 b6 18. exf6 Qxc3 19. Qe4 Nxf6 20. Qe5
Rh6 21. f5 Ng4 {1/2-1/2 Chatalbashev,B-Gustafsson,J/Calvia ESP 2004/(27)}) (15.
Qg4 h5 16. Qh3 Ke7 17. f4 h4 18. Qf3 Rac8 19. e5 Qxc3 20. exf6+ Kxf6 21. Qxc3
Rxc3 {1/2-1/2 Kramnik,V-Anand,V/Dortmund 88/(377) 2003 (21)}) (15. Qe2 O-O 16.
Rfd1 Kh8 17. Rd3 Rg8 18. Nf3 Nc5 19. Rd4 e5 20. Rdb4 Rad8 {1/2-1/2 Gyimesi,
Z-Hoelzl,F/Balatonlelle (open) 2002 (51)}) 15... Rc8 {Das ist die schwarze
Verbesserung; er rochiert nicht, sondern belässt seinen König in der Mitte.} (
15... O-O 16. Rfd1 Rad8 17. Qh6 Kh8 18. Rd3 Rg8 19. Ne2 Rg6 20. Qd2 {1-0
Akopian,V-Izoria,Z/Moscow 2005/CBM 106/[Ribli] (57)}) 16. Rfd1 $14 {[%csl Rc3,
Re8][%cal Gb1b7,Gd1d7,Gc8c3][%mdl 4] Weiß kontrolliert die b und d-Linien,
aber sein Pc3 ist angreifbar. Anderseits droht noch nichts Konkretes, und der
schwarze König steht ein wenig unsicher im Zentrum.} b5 {[%cal Gd7b6,Gb6a4,
Gb6c4]} 17. f4 $6 {Nach diesem Zug kann Weiß e4-e5 ziehen, aber der Texzug
schwächt das Feld e4 und bietet Schwarz ein wichtiges Tempo.} (17. Qh6 $5 $36)
17... Nc5 18. Qe3 Rg8 19. Ne2 Na4 20. Kh1 Ke7 (20... Nxc3 $2 21. Rdc1 Nxb1 22.
Rxc7 Rxc7 23. Qd3 $18 {[%csl Rb1]}) (20... Qc5 $5) 21. e5 $5 (21. c4 Qc5 $132 (
21... Qxc4 22. Rbc1 $18) (21... bxc4 22. Qa3+ Nc5 23. Rd4 $16)) 21... f5 (21...
Qc5 22. Rd4 fxe5 23. fxe5 Nxc3 24. Rc1 Nd5 25. Qd2 Qa3 26. Rd1 $44) 22. Rd6
Nxc3 $132 23. Rxa6 {[%cal Ra6a7,Ra7e7][%mdl 2048]} (23. Nxc3 Qxc3 24. Qxc3 Rxc3
25. Rxa6 Rgc8 $11) {[#]} 23... Nd5 $6 {Schwarz zentralisiert zwar den Springer,
aber wahrscheinlich muss er seine Dame gegen zwei Türme tauschen.} (23... Nxb1
$1 24. Ra7 Qxa7 25. Qxa7+ Kf8 $13) 24. Qa3+ Qc5 $2 (24... b4 $8 25. Rxb4 Nxb4
26. Ra7 Qxa7 27. Qxa7+ Kf8 28. Qb7 Rc4 29. Qb5 Re4 30. a4 Kg7 $132) 25. Ra7+
Kf8 (25... Kd8 26. Qa6 $18) {[#]} 26. Rc1 $1 $18 {[%cal Rc1c8,Ra3f8]} (26. Rc1
$1 Qxa3 27. Rxc8+ Kg7 28. Rxg8+ Kxg8 29. Rxa3 $18) 1-0

[Event "London"]
[Site "London"]
[Date "1997.10.21"]
[Round "6"]
[White "Gormally, Daniel"]
[Black "Wells, Peter K"]
[Result "1/2-1/2"]
[WhiteElo "2425"]
[BlackElo "2530"]
[Annotator "Ribli,Z"]
[PlyCount "52"]
[EventDate "1997.10.18"]
[EventType "tourn"]
[EventRounds "9"]
[EventCountry "ENG"]
[EventCategory "10"]
[SourceTitle "CBM 062"]
[Source "ChessBase"]
[SourceDate "1998.01.31"]
[SourceVersion "1"]
[SourceVersionDate "1998.01.31"]
[SourceQuality "1"]

1. d4 Nf6 2. Nf3 d5 3. c4 e6 4. Nc3 dxc4 {Die sogenannte Wiener-Variante des
Damengambits führt zu scharfem Spiel mit beiderseitigen Chancen.Ribli.} 5. Bg5
{Meiner Meinung nach ist der Zug 5.e4 präziser, denn jetzt könnte Schwarz mit
5...c6 in die Botvinnik-Variante überleiten.} Bb4 6. e4 c5 7. Bxc4 cxd4 8. Nxd4
Bxc3+ 9. bxc3 Qa5 10. Bxf6 (10. Bb5+ $5 {Meiner Meinung nach ist dieser Zug
sehr gefährlich für Schwarz.} Bd7 (10... Nbd7 11. Bxf6 Qxc3+ 12. Kf1 gxf6 13.
h4 Qa5 14. Rh3 a6 (14... e5 15. Nf5 $1 $40) 15. Be2 Ke7 16. Qc1 $146 (16. Nb3
$5) (16. Rc1 Rd8 17. Qc2 $44) 16... Qe5 $5 (16... Rd8 $6 17. Rc3 Ne5 18. Rc7+
Rd7 19. Rxc8 Rxc8 20. Qxc8 Rxd4 21. Qxb7+ Kf8 22. Qxa6 Qxa6 (22... Qc3 23. Re1
f5 24. exf5 Rxh4 25. Qa8+ Kg7 26. g3 $1 $16 {[%cal Ga8h1]}) 23. Bxa6 Rxe4 24.
a4 $1 $14 (24. g3 Ra4 $11) 24... Rxh4 25. Ke2 {[%csl Ga4][%cal Ga4a8]}) 17.
Qa3+ Qd6 18. Qb2 Nc5 19. Rd1 Qc7 20. Nb3 b6 $1 $13 (20... Nxe4 21. Qa3+ Ke8 (
21... Nd6 22. Rc3 $36) 22. Bb5+)) 11. Bxf6 gxf6 12. Qb3 a6 13. Be2 Nc6 14. O-O
Qc7 15. Qa3 Rc8 16. Rad1 $5 $36 (16. Rfd1)) 10... Qxc3+ 11. Kf1 gxf6 12. Rc1
Qa5 13. h4 {[%cal Gh1h3,Gh3b3] Weiß kann zwar nicht rochieren, aber mit diesem
Zug bringt er seinen Rh1ins Spiel.} Ke7 $1 (13... Bd7 14. Rh3 Nc6 (14... Na6
15. e5 Qxe5 16. Kg1 Nc5 17. Bb5 Bxb5 18. Nxb5 Rd8 19. Qc2 Rd5 20. Re3 Qb8 21.
Qc3 Ke7 22. Qa3 {1/2-1/2 Drasko,M-Conquest,S/Moscow-A 1988/CBM 09 (31)}) 15.
Nb5 Ne5 16. Nd6+ Ke7 17. Nxb7 Qb6 18. Rb3 Ba4 19. Rxb6 Bxd1 20. Rbb1 {Dreev,
A-Horvath,C/EU-chJ U20 1988/TD 88\09/1-0 (40)}) 14. Rh3 Rd8 15. Rd3 Nc6 16.
Nxc6+ bxc6 17. e5 $5 $13 {Ein interessantes Bauernopfer. Weiß möchte das Spiel
öffnen und den schwarzen König angreifen.} (17. Rxd8 Qxd8 18. Qh5 Qd4 {[%csl
Gd4]} 19. Kg1 (19. Qxh7 Rb8 20. Bb3 (20. Qh5 Rb2 21. Qf3 c5 22. Qe3 Qxe3 23.
fxe3 Bb7 24. Bb3 Bxe4 25. Rxc5 Bxg2+ 26. Kg1 f5 {0-1 Solana,E-Magem Badals,J/
ESP-ch 1989 (40)}) 20... Ba6+ 21. Kg1 Bd3 22. Qg7 Bxe4 23. Qg3 $1 Rh8 24. Rc4
Qa1+ 25. Kh2 f5 26. Ra4 Ra8 27. Qc7+ Kf6 28. Qg3 Ke7 29. Qc7+ Kf6 30. Qg3 {
1/2-1/2 Karpov,A-Huebner,R/Skelleftea WCup 1989}) 19... Bd7 (19... c5 20. Bb5
a6 21. Bf1 Bb7 22. Rxc5 Rc8 23. Rxc8 Bxc8 24. Qxh7 Bb7 25. h5 Bxe4 {Naumkin,
I-Kishnev,S/Muenster op 1990/1/2-1/2 (67)}) (19... Rb8 20. Bb3 Qxe4 21. Qc5+
Ke8 22. Qxa7 Rb4 23. Qa8 Kd8 24. Qa5+ Ke8 25. Qa8 Kd8 26. Qa5+ {1/2-1/2
Gleizerov,E-Sorokin,M/Voronezh 1988}) 20. Bb3 $6 Qxe4 $15 {0-1 Notkin,
M-Yakovich,Y/RUS-ch m3-4 1997 (40)}) 17... fxe5 {Jetzt hat Schwarz schon zwei
Mehrbauern, aber er steht vor großen Entwicklungsproblemen, und sein König
findet keine Ruhe.} (17... Rxd3 18. exf6+ Kxf6 19. Qxd3 $44 {[%csl Rf6]}) (
17... f5 $6) 18. Rxd8 Qxd8 19. Qf3 Qd6 {Mit diesem Zug verhindert Schwarz 20.
Qa3 und verteidigt den Pc6.} (19... Qd2 20. Rd1 Qc2 21. Qa3+ (21. Qxc6 $4 Qxd1#
) 21... Kf6 22. Bb3 $44 {[%csl Rf6]}) (19... Bd7 20. Qa3+ Ke8 (20... Kf6 21.
Qg3 (21. Rd1 $44) 21... h6) 21. Rd1 $44 {[%csl Re8][%cal Gd1d8]}) 20. Qe3 {
[%cal Ge3g5] Weiß droht 21.Qg5 und beraubt die schwarze Dame des Feldes c5.} (
20. Rd1 Qc5 21. Bb3 Ba6+ 22. Kg1 Rg8 $15) 20... Rb8 $5 21. Qg5+ {Weiß
verzichtet auf den unwichtigen Pa7 und setzt seinen Angriff fort.} (21. Qxa7+
Bd7 {[%cal Gb8b2]}) 21... Kf8 (21... Ke8 22. Qg8+ Qf8 (22... Ke7 23. Qg5+) 23.
Qxh7 $13 {[%cal Gh4h8]}) 22. Qh6+ Ke8 23. Qxh7 {Schwarz hat nur einen Bauern
mehr, aber sein König steht immer unsicher. Zudem kann der weiße Ph4 später
gefährlich werden.} Rb2 24. Qg8+ Ke7 25. Qg5+ (25. Qxc8 Qd2 {[%csl Gd2][%cal
Rb2f2,Rd2c1]} 26. Qc7+ Kf6 $19) 25... Kf8 26. Be2 Qd2 {Und hier einigte man
sich auf remis. Nach dem Damentausch gewinnt Weiß das Material zurück, und die
Stellung ist ausgeglichen.Ribli.} (26... Qd2 27. Qxd2 Rxd2 28. Rxc6 Bd7 29. Rc7
(29. Ra6 $2 Rxe2 30. Kxe2 (30. Rxa7 Rd2 $19) 30... Bb5+ $19 {[%cal Rb5a6,Rb5e2]
}) 29... a5 $11) 1/2-1/2